01967nam a2200433 a 4500001001200000003000800012006001900020007001500039008004100054010001700095015001900112016001800131020003900149020003600188020003800224020003500262040002100297035002100318043001200339050002500351082002300376100001900399245011100418260005100529300002400580504006600604505024500670533015200915650006401067650005701131650004901188650001901237651003601256651005201292655002901344710001701373856012601390999001701516ebr10266078CaPaEBRm u cr cn|||||||||070412s2007 ilua sb 001 0 eng  z 2007015186 aGBA7554912bnb7 z0137950402Uk z9780226453651 (cloth : alk. paper) z0226453650 (cloth : alk. paper) z9780226453668 (pbk. : alk. paper) z0226453669 (pbk. : alk. paper) aCaPaEBRcCaPaEBR a(OCoLC)646784374 an-us-ny14aHV99.N59bK75 2007eb04a362.5/840974712221 aKrinsky, John.10aFree laborh[electronic resource] :bworkfare and the contested language of neoliberalism /cJohn Krinsky. aChicago :bUniversity of Chicago Press,c2007. axix, 333 p. :bill. aIncludes bibliographical references (p. [293]-310) and index.0 aFree labor? -- The workfare contract in the workfare state -- The formation of a protest field -- In the trenches -- Mapping passages through the trenches -- Claims, cognitions, and contradictions -- The contested language of neoliberalism. aElectronic reproduction.bPalo Alto, Calif. :cebrary,d2013.nAvailable via World Wide Web.nAccess may be limited to ebrary affiliated libraries. 0aWelfare recipientsxEmploymentzNew York (State)zNew York. 0aWelfare rights movementzNew York (State)zNew York. 0aEmployee rightszNew York (State)zNew York. 0aNeoliberalism. 0aNew York (N.Y.)xSocial policy. 0aNew York (N.Y.)xPolitics and governmenty1951- 7aElectronic books.2local2 aebrary, Inc.40uhttp://site.ebrary.com/lib/rucke/Doc?id=10266078zAn electronic book accessible through the World Wide Web; click to view c26415d26415